Quizzes
Events
Quiz Creation
Community
Videos
Private Events
Remove Ads
Sign In
Join for FREE
Feedback
Dark Mode
Quiz Categories
Sports
Geography
Music
Movies
Television
Just For Fun
Miscellaneous
History
Literature
Language
Science
Gaming
Entertainment
Religion
Holiday
For Kids
Quiz Lab
Recent
Popular Today
Quiz Kudos Today
Editor Picks
Curator Picks
Quizzes by...
Day
Popularity
Type
Ratings
Length
Year
Community
Subscriptions
Recent Discussions
Orange Saloon
Badges
Playlists
Quests
Create
Leaderboards
Showdown
Live 5
Trivia Bingo
Activity
Puzzle Library
Sporcle Events
Private Events
Virtual Trivia
Globe League
Become a Host
Pub Owners
SporcleCon
Opinionation
Our Games
Videos
Blog
Mobile Apps
Partnerships
Remove Ads and Go Orange
Feedback
Television
TV Characters
TV Show
Sitcom
Network
Friends
Reality Shows
Cast
South Park
Star Trek
The Simpsons
Doctor Who
Television
TV Characters
TV Show
Sitcom
Network
Friends
Reality Shows
Cast
South Park
Star Trek
The Simpsons
Doctor Who
Random Quiz
Search Sporcle
×
Quiz Lab
Quiz Lab
Television
Doctor Who
Select answers by clicking on text or image buttons
Select answers by clicking on text or image buttons
Clickable
Best Score? Go Orange.
Doctor Who Companion Match-Up Stats
Can you match the Doctor Who Companion's first name with their last?
By
frederickhussey9
6m
55 Questions
230 Plays
230 Plays
230 Plays
Comments
Comments
Give Quiz Kudos
Give Quiz Kudos
-
- Ratings
hide this ad
Replay
Link that replays current quiz
Next Quiz
Link to next quiz in quiz playlist
You Got
0%
They Got
Avg Score
65%
Avg Friend Score
Upgrade to see
Score Distribution
Jump to the score distribution portion of the page
Score
0/55
Timer
06:00
0
Plays Today
% Correct
Amy
94.3%
Clara
93%
Jack
90%
Donna
89.6%
River
89.6%
Martha
89.1%
Rose
88.3%
Rory
87.8%
Sarah Jane
87%
Madame
87%
Mickey
86.1%
Vincent
85.2%
Jackie
84.8%
Agatha
84.8%
Harriet
83.9%
Winston
83.9%
Danny
81.3%
Astrid
76.5%
Wilfred
75.2%
Madame
74.8%
Sally
72.6%
Pete
71.7%
Craig
71.7%
Christina
70.9%
Ianto
68.7%
Adam
68.7%
Adelaide
68.7%
Brian
67.4%
% Correct
Tish
67%
Sylvia
62.6%
Canton
61.7%
Professor
61.7%
Doruim
61.3%
Alfie
60.4%
Gwen
60.4%
Luke
59.1%
Jackson
59.1%
Jenny
57.8%
Francine
55.7%
John
55.7%
Kate
54.8%
Orson
51.3%
Mr
50%
Doctor
46.5%
Shaun
45.7%
Clive
44.8%
Geoffrey
44.8%
Courtney
43.9%
Lynda
39.1%
Journey
37.4%
Lady
37%
Malcolm
33%
Jake
33%
Sam
31.7%
John
28.7%
Quiz Playlist
Details
Report
Send in Message
Add To Playlist
Clickable:
Select answers by clicking on text or image buttons
Last Updated: Feb 16, 2017
Quiz Scoreboard
CHALLENGE
Sign Up to Join the Scoreboard
Show All
Scores
Hide
Comments
May contain spoilers
Recently Published
Presidents Visiting Landmarks
by Hejman
History
7m
An Introduction to Baseball
by treessimontrees
Sports
5m
Movies - When Are They Set?
by FPL_Elf
Movies
5m
More to Explore
Quiz From the Vault
Featured Blog Post
Where Did the Easter Bunny Come From?
hide this ad
You Might Also Like...
Tags
Doctor Who Quiz
2005
companion
dalek
doctor
Today's Top Quizzes in Television
Browse Television
hide this ad
Today's Top Quizzes in Doctor Who
Browse Doctor Who
Top Contributed Quizzes in Television
1
One Piece Logic Puzzle
2
5-to-1: The Simpsons Families
3
Survivor Logic Puzzle: Heroes vs. Villains
4
5-to-1: Television Doctors
5
7-to-1: TV Show Settings
6
Survivor Seasons
7
5-to-1: Streaming Originals
8
Survivor Season by Logo
9
One Thing in Common: Television
10
TV Shows by First Names
Explore More
Trending Topics
NBA
Kpop
Crossword
Harry Potter
Marvel
Disney
Anime
The Office
Soccer
Pokémon
Song
Puzzle
Country
WWE
NFL
hide this ad
More By:
frederickhussey9
Quiz
Plays
Rating
Category
Featured
Created
Game of Thrones Location
1,086
3.33
Television
Jun 2, 2016
Game of Thrones Season 6 Death Pool
952
2.25
Television
Jul 14, 2016
Game of Thrones Names
645
4.20
Television
Jun 1, 2016
Doctor Who Characters Eyes
559
4.43
Television
Jan 17, 2016
Game of Thrones Nicknames
534
3.13
Television
Jul 21, 2016
Go to Creator's Profile
Score Distribution
Quiz Creator Spotlight
frederickhussey9
Follow
Send a Message
Quizzes Created
-
Created Quiz Play Count
-
More By This Creator
Popular Quizzes Today
1
Find the Countries of Europe - No Outlines Minefield
2
Find the US States - No Outlines Minefield
3
The Countries of the World
4
Popular People in 1961
5
Find the US States
6
US States
7
1-10 Letter E Words III
8
Risky Map Clicking: Biggest States A-Z
More Television Quizzes
Clueless Letter Lines: Star Trek Captains
Editor's Pick
Trending Quizzes
Risky Map Clicking: Least Populous States A-Z
1-10 Letter F Words
1-10 Letter G Words
One Thing in Common: United Kingdom
Risky Map Clicking: Next State Alphabetically
Recently Updated
Leaping Animals
pecheneg
Reality TV Shows (A-Z)
bhenderson79
Rickey Henderson's Hall of Fame Teammates
pecheneg
Champions League XIs: Arsenal
pecheneg
Quick Pick: Celebrities in WWE's Hall of Fame
aduchscher
A-Z Keypad Blitz II
pecheneg
Multiple Oscar Actors
pecheneg
Mystery Phrase Blitz: Oscar 'Best Actors'
pecheneg
F. Scott Fitzgerald Novels
LTH
Pick 3 Villains
ddd62291
Trending Topics
Kpop
Disney
Crossword
Marvel
Anime
Harry Potter
NBA
Song
WWE
Country
The Office
Pokémon
NFL
Soccer
Puzzle
Your Account Isn't Verified!
In order to create a playlist on Sporcle, you need to verify the email address you used during registration. Go to your
Sporcle Settings
to finish the process.
Report this User
Report this user for behavior that violates our
Community Guidelines
.
Details:
Send Report
Go to the Sporcle.com Mobile Site →
Comments